LEADER 05072nam 22007694a 450 001 9910964201703321 005 20251116220302.0 010 $a9786610941377 010 $a9780309179003 010 $a0309179009 010 $a9781280941375 010 $a1280941375 010 $a9780309669030 010 $a0309669030 035 $a(CKB)1000000000478350 035 $a(EBL)3378273 035 $a(SSID)ssj0000178358 035 $a(PQKBManifestationID)11169798 035 $a(PQKBTitleCode)TC0000178358 035 $a(PQKBWorkID)10221726 035 $a(PQKB)10363603 035 $a(MiAaPQ)EBC3378273 035 $a(Au-PeEL)EBL3378273 035 $a(CaPaEBR)ebr10194175 035 $a(CaONFJC)MIL94137 035 $a(OCoLC)923277414 035 $a(Perlego)4735005 035 $a(BIP)14229281 035 $a(EXLCZ)991000000000478350 100 $a20071229d2007 uy 0 101 0 $aeng 135 $aurcn||||||||| 181 $ctxt 182 $cc 183 $acr 200 00$aIndia's changing innovation system $eachievements, challenges, and opportunities for cooperation : report of a symposium /$fCharles W. Wessner and Sujai J. Shivakumar, editors ; Committee on Comparative Innovation Policy: Best Practice for the 21st Century, Board on Science, Technology, and Economic Policy, Policy and Global Affairs, National Research Council of the National Academies 205 $a1st ed. 210 $aWashington, D.C. $cNational Academies Press$dc2007 215 $a1 online resource (224 p.) 300 $aReport from an international symposium held on June 17, 2006 in Washington, D.C. 311 08$a9780309104838 311 08$a0309104831 320 $aIncludes bibliographical references (p. 201-208). 327 $a""Front Matter""; ""Contents""; ""Preface""; ""I INTRODUCTION""; ""India's Changing Innovation System Achievements, Challenges, and Opportunities for Cooperation""; ""II PROCEEDINGS""; ""Welcome Remarks""; ""Opening Remarks: India and the United States: A New Strategic Responsibility""; ""Panel I: India and the United States: An Emerging Global Partnership""; ""Panel II: Synergies and Gaps in National and Regional Development Strategies""; ""Keynote Address: India's Changing Innovation System""; ""Panel III: Growing the Science and Technology, Research, and Innovation Infrastructure"" 327 $a""Panel IV: Building U.S. Indian Research and Development Cooperation""""Closing Remarks""; ""III RESEARCH PAPER""; ""India's Knowledge Economy in the Global Context--Carl J. Dahlman""; ""IV APPENDIXES""; ""Appendix A: Biographies of Speakers""; ""Appendix B: Participants List""; ""Appendix C: Bibliography"" 330 $aAs part of its review of Comparative National Innovation Policies: Best Practice for the 21st Century , the Board on Science, Technology, and Economic Policy convened a major symposium in Washington to examine the policy changes that have contributed to India's enhanced innovative capacity. This major event, organized in cooperation with the Confederation of Indian Industry, was particularly timely given President Bush's March 2006 visit to India and the Joint Statement issued with the Indian government calling for strategic cooperation in innovation and the development of advanced technologies. The conference, which brought together leading figures from the public and private sectors from both India and the United States, identified accomplishments and existing challenges in the Indian innovation system and reviewed synergies and opportunities for enhanced cooperation between the Indian and U.S. innovation systems. This report on the conference contains three elements: a summary of the key symposium presentations, an introductory chapter analyzing the policy issues raised at the symposium, and a research paper providing a detailed examination of India's knowledge economy, placing it in terms of overall global trends and analyzing its challenges and opportunities. 517 1 $aComparative innovation policy 606 $aTechnological innovations$xInternational cooperation$vCongresses 606 $aTechnological innovations$zIndia$vCongresses 606 $aTechnological innovations$zUnited States$vCongresses 607 $aUnited States$xForeign economic relations$zIndia$vCongresses 607 $aIndia$xForeign economic relations$zUnited States$vCongresses 615 0$aTechnological innovations$xInternational cooperation 615 0$aTechnological innovations 615 0$aTechnological innovations 676 $a338/.0640954 701 $aWessner$b Charles W$0857991 701 $aShivakumar$b Sujai J$0938093 712 02$aNational Research Council (U.S.).$bCommittee on Comparative Innovation Policy: Best Practice for the 21st Century. 712 02$aNational Research Council (U.S.).$bPolicy and Global Affairs. 801 0$bMiAaPQ 801 1$bMiAaPQ 801 2$bMiAaPQ 906 $aBOOK 912 $a9910964201703321 996 $aIndia's changing innovation system$94360710 997 $aUNINA